Online
Catalog

El federalismo en Colombia, 1810-1858 / (Record no. 6288)

MARC details
000 -CABECERA
campo de control de longitud fija 01189cam a2200289 a 4500
001 - NÚMERO DE CONTROL
campo de control 000006497
005 - FECHA Y HORA DE LA ÚLTIMA TRANSACCIÓN
campo de control 20200929153935.0
008 - DATOS DE LONGITUD FIJA--INFORMACIÓN GENERAL
campo de control de longitud fija 961009s1995 ck b 000 0 spa
020 ## - NÚMERO INTERNACIONAL ESTÁNDAR DEL LIBRO
Número Internacional Estándar del Libro 9589412106 (obra completa)
020 ## - NÚMERO INTERNACIONAL ESTÁNDAR DEL LIBRO
Número Internacional Estándar del Libro 9589412122 (t. 1)
040 ## - FUENTE DE LA CATALOGACIÓN
Centro catalogador/agencia de origen DO-SdBNP
Lengua de catalogación spa
Centro/agencia transcriptor DLC
Centro/agencia modificador BNPHU
041 17 - CÓDIGO DE LENGUA
Código de lengua del texto/banda sonora o título independiente spa
Código de lengua original eng
082 ## - NÚMERO DE LA CLASIFICACIÓN DECIMAL DEWEY
Número de clasificación 986.104
Número de documento/Ítem G488f
100 1# - ENTRADA PRINCIPAL--NOMBRE DE PERSONA
Nombre de persona Gilmore, Robert Louis,
Fechas asociadas al nombre 1913-
9 (RLIN) 18003
240 10 - TÍTULO UNIFORME
Título uniforme Federalismo en Colombia, 1810-1858.
Lenguaje de la obra Español
245 13 - MENCIÓN DE TÍTULO
Título El federalismo en Colombia, 1810-1858 /
Mención de responsabilidad, etc. Robert Louis Gilmore.
260 ## - PUBLICACIÓN, DISTRIBUCIÓN, ETC.
Lugar de publicación, distribución, etc. Santafe de Bogotá :
Nombre del editor, distribuidor, etc. Sociedad Santanderista de Colombia :
-- Universidad Externado de Colombia,
Fecha de publicación, distribución, etc. 1995.
300 ## - DESCRIPCIÓN FÍSICA
Extensión 2 v. ;
Dimensiones 24 cm.
504 ## - NOTA DE BIBLIOGRAFÍA, ETC.
Nota de bibliografía, etc. Incluye referencias bibliográficas (v. 2, p. 149-160).
504 ## - NOTA DE BIBLIOGRAFÍA, ETC.
Nota de bibliografía, etc. Incluye notas y referencias al pie de las páginas
534 ## - NOTA SOBRE LA VERSIÓN ORIGINAL
Encabezamiento principal del original Título original :
Mención de título del original Federalism in Colombia, 1810-1858.
651 #4 - PUNTO DE ACCESO ADICIONAL DE MATERIA--NOMBRE GEOGRÁFICO
Nombre geográfico Colombia
Subdivisión general Historia
-- Federalismo
Subdivisión cronológica 1810-1858
9 (RLIN) 18004
650 #4 - PUNTO DE ACCESO ADICIONAL DE MATERIA--TÉRMINO DE MATERIA
Término de materia o nombre geográfico como elemento de entrada Gobierno federal
Subdivisión geográfica Colombia
Subdivisión general Historia
Subdivisión cronológica SIGLO XIX
9 (RLIN) 18005
651 #4 - PUNTO DE ACCESO ADICIONAL DE MATERIA--NOMBRE GEOGRÁFICO
Nombre geográfico Colombia
Subdivisión general Política Y Gobierno
Subdivisión cronológica SIGLO XIX
9 (RLIN) 18006
651 #4 - PUNTO DE ACCESO ADICIONAL DE MATERIA--NOMBRE GEOGRÁFICO
Nombre geográfico Colombia
Subdivisión general Historia Constitucional
9 (RLIN) 18007
910 ## - DATOS DE OPCIÓN DEL USUARIO (OCLC)
Datos de opción del usuario Catalogación por copia / LC
Holdings
Estado de retiro Estado de pérdida Restricciones de uso No para préstamo Código de colección Localización permanente Ubicación/localización actual Ubicación en estantería Fecha de adquisición Número de inventario Total de préstamos Signatura topográfica completa Código de barras Fecha visto por última vez Precio válido a partir de Tipo de ítem Koha
        Monografías: Libros y Folletos General General En catalogación 31.08.2009 LF1   v.1 6497-10 25.06.2020 25.06.2020 Préstamo en sala

Powered by Koha